Obras de José María Izquierdo y Martínez. (Record no. 84145)

MARC details
000 -LEADER
campo de control de longitud fija 00698nam a2200181 i 4500
001 - NÚMERO DE CONTROL
campo de control 84145
003 - IDENTIFICADOR DE NÚMERO DE CONTROL
campo de control ES-MaACL
005 - FECHA Y HORA DE LA ÚLTIMA TRANSACCIÓN
campo de control 20231223063052.0
007 - CAMPO FIJO DE DESCRIPCIÓN FÍSICA--INFORMACIÓN GENERAL
campo de control de longitud fija t|
008 - DATOS DE LONGITUD FIJA--INFORMACIÓN GENERAL
campo de control de longitud fija 041119s1923 sp ||||1| spa d
100 1# - ENTRADA PRINCIPAL--NOMBRE DE PERSONA
Nombre de persona Izquierdo y Martínez, José María,
Fechas asociadas al nombre 1886-1922
9 (RLIN) 65750
245 10 - MENCIÓN DEL TÍTULO
Título Obras de José María Izquierdo y Martínez.
260 ## - PUBLICACIÓN, DISTRIBUCIÓN, ETC.
Lugar de publicación, distribución, etc. Sevilla :
Nombre del editor, distribuidor, etc. [s.n.,
Fecha de publicación, distribución, etc. 1923] (
Fabricante Tip. Zarzuela)
300 ## - DESCRIPCIÓN FÍSICA
Extensión 5 v. ;
Dimensiones 22 cm.
505 8# - NOTA DE CONTENIDO CON FORMATO
Nota de contenido con formato Contiene: V. I y I: Divagando por la ciudad de la gracia. -- V. III: Por la parábola de la vida. -- V. IV: El derecho en el Teatro Español. -- V. V: De las normas y de las formas
852 ## - LOCALIZACIÓN
Ubicación ES-MaACL
Número de control de estantería F-549-53
Sublocalización o colección R.5474
Holdings
Estatus retirado Estado de pérdida Estado de daño No para préstamo Biblioteca de origen Biblioteca actual Ubicación en estantería Fecha de adquisición Fuente de adquisición Total de préstamos Signatura topográfica completa Código de barras Visto por última vez Precio de reemplazo Tipo de ítem Koha
        Biblioteca del Ateneo de Madrid Biblioteca del Ateneo de Madrid Depósito 2 17/01/2008     F-549-53 1087938 23/02/2023 23/02/2023 Libro impreso